Georgia O'Keeffe & her contemporaries : Amarillo Art Center, September 7-December 1, 1985 in honor of the 75th anniversary of West Texas State University.

Bibliographic Details
Corporate Authors: Amarillo Art Center, West Texas State University
Other Authors: O'Keeffe, Georgia, 1887-1986
Format: Book
Language:English
Published: Amarillo, Tex. : The Center, [1985]
Subjects:

MARC

Tag First Indicator Second Indicator Subfields
LEADER 00000cam a2200000 a 4500
001 in00000413613
005 20151012061603.0
008 850522s1985 txua bc 00000 eng
010 |a  85071855  
020 |a 093526700X (pbk.) 
035 |a (OCoLC)13063784 
035 |9 ABV5813AM 
039 0 |a 2  |b 3  |c 3  |d 3  |e 3 
040 |a DLC  |c DLC  |d TXA  |d UtOrBLW 
043 |a n-us--- 
049 |a TXAM  |c [A09801523] 
050 0 0 |a ND237.O5  |b A4 1985 
082 0 |a 759.13  |2 19 
245 0 0 |a Georgia O'Keeffe & her contemporaries :  |b Amarillo Art Center, September 7-December 1, 1985 in honor of the 75th anniversary of West Texas State University. 
264 1 |a Amarillo, Tex. :  |b The Center,  |c [1985] 
264 4 |c ©1985 
300 |a 80 pages :  |b illustrations (some color) ;  |c 26 cm. 
336 |a text  |b txt  |2 rdacontent 
337 |a unmediated  |b n  |2 rdamedia 
338 |a volume  |b nc  |2 rdacarrier 
504 |a Bibliography: page 36. 
600 1 0 |a O'Keeffe, Georgia,  |d 1887-1986  |v Exhibitions. 
650 0 |a Painting, American  |y 20th century  |v Exhibitions. 
700 1 |a O'Keeffe, Georgia,  |d 1887-1986. 
710 2 |a Amarillo Art Center. 
710 2 |a West Texas State University. 
740 0 |a Georgia O'Keeffe and her contemporaries. 
999 |a MARS 
999 f f |s 85943464-2ed9-3d79-bf8d-dd748734f9b1  |i 23edbb6a-fd02-3c13-90bc-e0b4768bc84e  |t 0 
952 f f |p normal  |a Texas A&M University  |b College Station  |c Sterling C. Evans Library  |d Evans: Library Stacks  |t 0  |e ND237.O5 A4 1985  |h Library of Congress classification  |i unmediated -- volume  |m A14809801523 
998 f f |a ND237.O5 A4 1985  |t 0  |l Evans: Library Stacks